La colonización de los signos /
Guardado en:
| Hovedforfatter: | |
|---|---|
| Format: | Ukendt |
| Sprog: | Spanish |
| Fag: | |
| Tags: |
Tilføj Tag
Ingen Tags, Vær først til at tagge denne postø!
|
MARC
| LEADER | 000000000a22000000004500 | ||
|---|---|---|---|
| 001 | 002523 | ||
| 041 | 0 | |a spa | |
| 100 | 1 | |a Subirats, Eduardo | |
| 245 | 1 | 3 | |a La colonización de los signos / |c Eduardo Subirats. |
| 310 | |a semestral | ||
| 650 | 4 | |a MEDIOS DE COMUNICACION | |
| 650 | 4 | |a COLONIZACION | |
| 650 | 4 | |a AMERICA LATINA | |
| 650 | 4 | |a SISTEMA LINGÜISTICO | |
| 650 | 4 | |a MEMORIA HISTORICA | |
| 650 | 4 | |a PUBLICIDAD | |
| 650 | 4 | |a NUEVA CULTURA | |
| 650 | 4 | |a COMUNICACION | |
| 650 | 4 | |a VIDA COTIDIANA | |
| 773 | 0 | |x 0798-958-X |d Venezuela : Universidad Simón Bolívar |t Estudios : Revista de Investigaciones Literarias |g volumen 5, número 9 (1997), páginas 139-147 | |
| 942 | |c ARC | ||
| 999 | |c 9939 |d 9939 | ||
